000 00481nam a2200181Ia 4500
001 10958
005 20260306161910.0
008 260306t1989||||xx |||||||||||||| ||spa||
041 _aESP
082 _a984.041
_bB53
100 _aBidondo, Emilio A.
_eAUT
245 0 _aAlto Perú:
_binsurección, libertad, independencia. (Campañas militares) 1809-1825
260 _c1989
300 _a549 páginas :
_c21 cm.
650 _aGEN
654 _aCHU
942 _cLIB
_dJUS
_fJUS
_2ddc
_n
999 _c10958
_d10958